Aprender liderazgo político /
Explicación sobre el liderazgo político, cuyos autores describen las atribuciones que han de configurar esta práctica y las competencias que deben poseer los líderes políticos en el contexto de la llamada sociedad del conocimiento.
Shranjeno v:
| Glavni avtor: | |
|---|---|
| Drugi avtorji: | |
| Format: | Knjiga |
| Jezik: | španščina |
| Izdano: |
Barcelona, España :
Paidós,
2005, c2005
|
| Serija: | (Paidós Aprender ;
17) |
| Teme: | |
| Oznake: |
Brez oznak, prvi označite!
|
MARC
| LEADER | 00000nam^a2200000^a^4500 | ||
|---|---|---|---|
| 001 | 000181144 | ||
| 005 | 20250521000000.0 | ||
| 009 | 20260310101922.519 | ||
| 020 | |a 968-853-601-6 | ||
| 037 | |a Acervo ITESO - Biblioteca | ||
| 041 | |a ESP | ||
| 082 | |a 351. 4 |b LOP | ||
| 100 | |a López Camps, Jordi |e (autor) | ||
| 245 | 1 | 0 | |a Aprender liderazgo político / |c J. López Camps, I. Leal Fernández. |
| 264 | 4 | |a Barcelona, España : |b Paidós, |c 2005, c2005 | |
| 300 | |a 145 p. | ||
| 336 | |a texto |b txt |2 rdacontenido | ||
| 337 | |a sin mediación |b n |2 rdamedio | ||
| 338 | |a volumen |b nc |2 rdasoporte | ||
| 440 | 1 | |a (Paidós Aprender ; |v 17) | |
| 520 | |a Explicación sobre el liderazgo político, cuyos autores describen las atribuciones que han de configurar esta práctica y las competencias que deben poseer los líderes políticos en el contexto de la llamada sociedad del conocimiento. | ||
| 649 | |a XX | ||
| 650 | |a Liderazgo Político - |x Tema Principal | ||
| 650 | |a Competencias (Educación) | ||
| 650 | |a Proceso Administrativo - |x Dirección | ||
| 650 | |a Administración Pública | ||
| 650 | |a Ciencias Administrativas | ||
| 650 | |a Política | ||
| 700 | |a Leal Fernández, Isaura |e (autor) | ||
| 910 | |a Fondo General | ||
| 920 | |a Impresos - Libros | ||
| 930 | |a Colección General | ||
| 905 | |a 101 | ||
| 901 | |a 0500120851 |b IT1 |c ACC |u 20250521 | ||
| 902 | |a https://opac.biblio.iteso.mx/vufind/Record/000181144 | ||